LEADER 01322nam a2200289 a 4500 001 000000149208 003 CaOOAMICUS 005 20160208142756.0 008 160208s2000 it u000 u ita r 020 $a887263167X* 032 $aLibriCat 040 $aPUL$bita 245 00$aAvvento di Dio esodo dell'uomo :$bil pellegrinaggio della fede /$ca cura di Giovanni Ancona. 260 $aRoma :$bVivere In,$c2000. 300 $a217 p. ;$c21 cm. 500 $aIn testa al front.: Pontificia facoltā teologica dell'Italia meridionale, Istituto teologico pugliese, Molfetta. 504 $aContiene indicazioni bibliografiche. 650 4$aPellegrinaggio.$0(OLS)http://pul/subject/28476 700 1 $aAncona, Giovanni.$0(OLS)http://pul/name/6035 710 2 $aPontificia Facoltā teologica dell'Italia meridionale.$bIstituto teologico pugliese (Molfetta).$0(OLS)http://pul/name/41813 850 $aPUL 852 $aPUL$W1$xDP1 Fondo Bordoni$y120$m3 H 18$j166792$qFondi$B173440$CPULBib$Z2$F173440 $HBor222 $81 941 1 $a1 996 $6020$a887263167X*$9(OLS)http://pul/number/159586 996 $6245$aAvvento di Dio esodo dell'uomo :$bil pellegrinaggio della fede$9(OLS)http://pul/title/188125 996 $6260$aRoma :$bVivere In$9(OLS)http://pul/publisher/51484 LEADER 01611nam a2200325 u 4500 001 000000070881 003 CaOOAMICUS 005 20070226122053.0 008 020516s1999 it u000 u ita u 020 $a8876107150 035 $a10930110 040 $aPUL(R)$bita 110 2 $aSessione di formazione ecumenica$n(35 :$d1998 :$cLa Mendola).$0(OLS)http://pul/name/47111 245 13$aLe religioni come esperienza e attesa della salvezza :$batti della XXXV sessione di formazione ecumenica : La MEndola, 25 luglio - 1. agosto 1998 /$cautori vari ; a cura del Segretariato Attivitā Ecumeniche. 260 $aMilano :$bĀncora,$cc1999. 300 $a215 p. ;$c21 cm 490 1 $aPercorsi ecumenici 504 $aBibliografia in nota. 650 4$aEcumenismo.$0(OLS)http://pul/subject/995 650 4$aSalvezza.$0(OLS)http://pul/subject/2067 650 4$aCristianesimo e altre religioni.$0(OLS)http://pul/subject/268 710 2 $aSegretariato attivitā ecumeniche.$0(OLS)http://pul/name/19871 830 0$aPercorsi ecumenici.$0(OLS)http://pul/title/93369 850 $aPUL 852 $aPUL$W1$xDP1 Cons. Gen., Altre Classi 1$y22$m780 C 59$j91711$nBK-PRI$b $qStampati$B91711$CPULBib$Z2$F91711 $H $81 941 1 $a8 961 $aINV: 80276 996 $6020$a8876107150$9(OLS)http://pul/number/91633 996 $6245$aLe religioni come esperienza e attesa della salvezza :$batti della XXXV sessione di formazione ecumenica : La MEndola, 25 luglio - 1. agosto 1998$9(OLS)http://pul/title/93368 996 $6260$aMilano :$bĀncora$9(OLS)http://pul/publisher/53070